Le province più pericolose d'Italia 2024 - Statistics

Statistiche generali
  • Questo quiz è stato fatto 97 volte
  • Il punteggio medio è 7 su 10
Statistiche sulle risposte
Hint Risposta % Corretto
1 Milano
100%
5 Torino
94%
2 Roma
93%
3 Firenze
78%
6 Bologna
77%
9 Venezia
70%
4 Rimini
47%
10 Livorno
38%
7 Prato
33%
8 Imperia
20%
Nessun quiz corrispondente trovato
Distribuzione punteggi
Percentuale di utenti per punteggio
Percentile per numero di risposta
I tuoi punteggi nel tempo
Non hai fatto questo quiz